000 00220nam a2200097Ia 4500
008 190216s9999||||xx |||||||||||||| ||und||
100 _aStandard Allen
245 2 _aA Living English Shelter
260 _bNull
942 _cBK
999 _c11600
_d11600